[Event "Euro Online U2300 Day 1"]
[Site "chess.com INT"]
[Date "2020.05.25"]
[Round "5"]
[White "Acs, Gabor"]
[Black "Tomaszewski, Roman"]
[Result "1-0"]
[BlackTitle "IM"]
[WhiteElo "1977"]
[BlackElo "2206"]
[WhiteFideId "719536"]
[BlackFideId "1100637"]
[EventDate "2020.05.25"]

1. e4 Nf6 2. e5 Nd5 3. c4 Nb6 4. c5 Nd5 5. Nc3 e6 6. Nxd5 exd5 7. d4 d6 8. cxd6
cxd6 9. Nf3 Nc6 10. Be2 dxe5 11. dxe5 Bb4+ 12. Bd2 Qa5 13. Bxb4 Qxb4+ 14. Qd2
Qxd2+ 15. Kxd2 Bg4 16. Rhe1 O-O 17. Rac1 Bxf3 18. Bxf3 Rfe8 19. g3 Nxe5 20. Bg2
Kf8 21. b3 Re6 22. Rc7 Rae8 23. Rec1 Nc6 24. Rxb7 Re2+ 25. Kd3 Rxf2 26. Rxc6
Rxg2 27. Rcc7 Rf2 28. Rxa7 g5 29. a4 Re1 30. a5 g4 31. a6 Rf3+ 32. Kd4 Ra1 33.
b4 1-0

[Event "Euro Online U2300 Day 1"]
[Site "chess.com INT"]
[Date "2020.05.25"]
[Round "5"]
[White "Berzina, Ilze"]
[Black "Astafurov, Arseniy"]
[Result "1/2-1/2"]
[WhiteTitle "WGM"]
[BlackTitle "FM"]
[WhiteElo "2192"]
[BlackElo "2330"]
[WhiteFideId "11601345"]
[BlackFideId "24175218"]
[EventDate "2020.05.25"]

1. e4 c5 2. Nf3 e6 3. c4 Nc6 4. Nc3 Nge7 5. Be2 Nd4 6. Nxd4 cxd4 7. Nb1 Nc6 8.
O-O Be7 9. d3 O-O 10. f4 a6 11. Nd2 Rb8 12. Nf3 d6 13. Qe1 b5 14. cxb5 Rxb5 15.
b3 Bf6 16. Ba3 Re8 17. Rc1 Bb7 18. Qg3 Ra5 19. Bxd6 Qxd6 20. e5 Nxe5 21. fxe5
Bxe5 22. Nxe5 Qxe5 23. Qf2 Qe3 24. Qxe3 dxe3 25. Rc7 Rxa2 26. Rfxf7 Ra1+ 27. Bf1
e2 1/2-1/2

[Event "Euro Online U2300 Day 1"]
[Site "chess.com INT"]
[Date "2020.05.25"]
[Round "5"]
[White "Grela, Kacper"]
[Black "Pniaczek, Marek"]
[Result "1-0"]
[WhiteTitle "FM"]
[BlackTitle "CM"]
[WhiteElo "2377"]
[BlackElo "2102"]
[WhiteFideId "1154141"]
[BlackFideId "21800421"]
[EventDate "2020.05.25"]

1. d4 Nf6 2. c4 g6 3. Nc3 Bg7 4. e4 d6 5. Nf3 O-O 6. Be2 Na6 7. O-O e5 8. Qc2
Qe8 9. Rd1 Bg4 10. Be3 exd4 11. Nxd4 Nc5 12. f3 Bd7 13. Ndb5 Bxb5 14. Nxb5 Qe7
15. Rd2 a6 16. Nc3 Rfe8 17. Rad1 a5 18. Nb5 h5 19. Bf1 Kh7 20. Nc3 Bh6 21. Bxh6
Kxh6 22. Nd5 Nxd5 23. Rxd5 Qf6 24. b3 Re5 25. a3 Ne6 26. Qd2+ g5 27. Rxe5 Qxe5
28. Qd5 Qxd5 29. cxd5 Nc5 30. b4 axb4 31. axb4 Nb3 32. Bc4 Ra3 33. h4 f6 34. Kh2
gxh4 35. Rd3 1-0

[Event "Euro Online U2300 Day 1"]
[Site "chess.com INT"]
[Date "2020.05.25"]
[Round "5"]
[White "Ogloblin, Nikolay"]
[Black "Slizunkov, Dmitry"]
[Result "0-1"]
[WhiteTitle "IM"]
[WhiteElo "2346"]
[BlackElo "2120"]
[WhiteFideId "4139658"]
[BlackFideId "34185949"]
[EventDate "2020.05.25"]

1. d4 d5 2. c4 e6 3. Nc3 Be7 4. Nf3 Nf6 5. Bg5 Nbd7 6. e3 O-O 7. cxd5 exd5 8.
Bd3 c6 9. Qc2 Re8 10. O-O Nf8 11. h3 Ne4 12. Bf4 Nxc3 13. bxc3 Ng6 14. Bh2 Bd6
15. Bxd6 Qxd6 16. c4 dxc4 17. Bxc4 Qf6 18. Qd1 Be6 19. Rc1 Rad8 20. Bxe6 Qxe6
21. Qb3 Qxb3 22. axb3 Rd5 23. Rc3 Rb5 24. Ra1 a6 25. Nd2 Ne7 26. Nc4 Nd5 27. Rd3
Nb4 28. Rd2 Rd8 29. Ra3 c5 30. Ra5 Rxa5 31. Nxa5 cxd4 32. exd4 b6 33. Nc4 b5 34.
Ne3 Nd5 35. Ra2 Nb4 36. Rd2 Nd5 37. Kf1 g6 38. Ke2 f5 39. Nxd5 Rxd5 40. Kd3 Kf7
41. Ra2 Rd6 42. Rc2 Ke6 43. Rc7 Rd7 44. Rc6+ Rd6 45. Rc5 Rd5 46. Rc8 Rd6 47.
Re8+ Kf6 48. Ra8 Ke6 49. b4 Rc6 50. Re8+ Kf7 51. Ra8 Ke6 52. h4 Rc4 53. Rxa6+
Kd5 54. Ra7 Rxd4+ 55. Kc3 Rc4+ 56. Kb3 Rxh4 57. Rc7 Rh2 58. Rc5+ Kd6 59. Rxb5
Rxg2 60. Rb7 h5 61. Rg7 h4 62. f4 h3 63. Rh7 h2 64. Ka4 Kd5 65. b5 Rb2 66. Ka5
Ke4 67. Rh4 Kf3 68. b6 Kg2 69. Ka6 h1=Q 70. Rxh1 Kxh1 71. b7 Kg2 72. Ka7 Kf3 73.
b8=Q Rxb8 74. Kxb8 Kxf4 75. Kc7 g5 0-1

[Event "Euro Online U2300 Day 1"]
[Site "chess.com INT"]
[Date "2020.05.25"]
[Round "5"]
[White "Ruzicka, Ales"]
[Black "Jakubowska, Anna"]
[Result "0-1"]
[BlackTitle "WIM"]
[WhiteElo "2108"]
[BlackElo "2073"]
[WhiteFideId "325252"]
[BlackFideId "1121952"]
[EventDate "2020.05.25"]

1. e4 c6 2. d4 d5 3. Nc3 dxe4 4. Nxe4 Nf6 5. Nxf6+ gxf6 6. Be3 Bf5 7. Qd2 e6 8.
O-O-O Nd7 9. Bd3 Bxd3 10. Qxd3 Nb6 11. Nf3 Qd5 12. b3 Qa5 13. Kb1 Nd5 14. Bd2
Bb4 15. c4 Nc3+ 16. Bxc3 Bxc3 17. a3 b5 18. Kc2 b4 19. axb4 Bxb4 20. Ra1 Qc7 21.
g3 a5 22. Nh4 Rd8 23. Qe4 O-O 24. f4 c5 25. d5 Rfe8 26. Rad1 exd5 27. Qf5 dxc4
28. Qxf6 cxb3+ 29. Kb1 Rxd1+ 30. Rxd1 Qe7 31. Qxe7 Rxe7 32. Rd8+ Kg7 33. Nf5+
Kf6 34. Nxe7 Kxe7 35. Rc8 a4 36. Kb2 Kd6 37. Ra8 c4 38. Rxa4 Kc5 39. Ra8 Be1 40.
Re8 Bf2 41. Re7 Bd4+ 42. Kb1 c3 43. Rxf7 c2+ 44. Kc1 Be3+ 45. Kb2 c1=Q+ 46. Kxb3
Qb1+ 0-1

[Event "Euro Online U2300 Day 1"]
[Site "chess.com INT"]
[Date "2020.05.25"]
[Round "5"]
[White "Brondt, Nicolai Kvist"]
[Black "Binham, Timothy F."]
[Result "1-0"]
[WhiteTitle "FM"]
[BlackTitle "IM"]
[WhiteElo "2223"]
[BlackElo "2279"]
[WhiteFideId "1413848"]
[BlackFideId "500151"]
[EventDate "2020.05.25"]

1. d4 f5 2. Nc3 Nf6 3. Bg5 d5 4. e3 e6 5. Nf3 Bd6 6. Be2 O-O 7. O-O c6 8. Na4
Nbd7 9. c4 Qe8 10. Nc3 Ne4 11. Bf4 Be7 12. Ne5 Bf6 13. Nxd7 Bxd7 14. f3 Ng5 15.
Qc2 Nf7 16. Rad1 Rc8 17. e4 dxe4 18. fxe4 e5 19. dxe5 Bxe5 20. Bxe5 Nxe5 21.
exf5 Rd8 22. Qe4 Qe7 23. Kh1 Qf6 24. c5 Bc8 25. Rxd8 Rxd8 26. h3 Kf8 27. Qf4 1-0

[Event "Euro Online U2300 Day 1"]
[Site "chess.com INT"]
[Date "2020.05.25"]
[Round "5"]
[White "Ivanovitch, Nicholas Michael"]
[Black "Tzoumbas, Anastasios"]
[Result "1/2-1/2"]
[WhiteTitle "CM"]
[BlackTitle "FM"]
[WhiteElo "2201"]
[BlackElo "2284"]
[WhiteFideId "2263041"]
[BlackFideId "4200519"]
[EventDate "2020.05.25"]

1. Nf3 d5 2. g3 c5 3. Bg2 Nc6 4. O-O Nf6 5. d3 Bg4 6. Nbd2 e6 7. Re1 Be7 8. h3
Bh5 9. g4 Bg6 10. b3 Qc7 11. a4 O-O 12. Bb2 Nd7 13. Rc1 f6 14. e4 Bf7 15. exd5
exd5 16. Nh4 g6 17. f4 Qxf4 18. Qe2 Bd6 19. Nhf3 Nde5 20. Bxe5 Nxe5 21. Qf2 Rac8
22. Nxe5 Qxf2+ 23. Kxf2 fxe5 24. Rf1 Be7 25. Ke2 Bg5 26. Nf3 Bf4 27. Rcd1 c4 28.
dxc4 dxc4 29. Nd2 cxb3 30. cxb3 Rc2 31. Be4 Rb2 32. Rf3 Rd8 33. Rd3 Rxd3 34.
Kxd3 Bxb3 35. Nxb3 Rxb3+ 36. Kc4 Rxh3 37. Rd7 Rg3 38. Rxb7 Rxg4 39. Rxa7 Be3 40.
Ra8+ Kg7 41. Kd5 Bd4 42. a5 h5 43. a6 Rg3 44. Rc8 h4 45. a7 Bxa7 46. Rc7+ Kh6
47. Rxa7 Rg5 48. Ra6 h3 49. Ra2 Kh5 50. Rh2 Kh4 51. Rh1 Rg3 52. Kxe5 g5 53. Bd5
Rd3 54. Ke4 Ra3 55. Be6 g4 56. Kf4 Rf3+ 57. Ke4 Rf6 58. Bd7 Rf2 59. Ke3 Rg2 60.
Kf4 h2 61. Rxh2+ Rxh2 62. Bxg4 1/2-1/2

[Event "Euro Online U2300 Day 1"]
[Site "chess.com INT"]
[Date "2020.05.25"]
[Round "5"]
[White "Kovacsy, Barnabas"]
[Black "Adrian, Claude"]
[Result "1-0"]
[BlackTitle "IM"]
[WhiteElo "2143"]
[BlackElo "2250"]
[WhiteFideId "769290"]
[BlackFideId "601071"]
[EventDate "2020.05.25"]

1. e4 e6 2. d4 d5 3. Nc3 Bb4 4. e5 Ne7 5. a3 Bxc3+ 6. bxc3 b6 7. Qg4 Ng6 8. h4
h5 9. Qg3 Ba6 10. Bxa6 Nxa6 11. Bg5 Qd7 12. Ne2 c5 13. O-O Rc8 14. f4 cxd4 15.
cxd4 Nb8 16. f5 exf5 17. Qd3 Nc6 18. Rxf5 Nce7 19. Rf2 O-O 20. Raf1 Rc4 21. c3
b5 22. Qf3 Ra4 23. Qxh5 Rxa3 24. Ng3 Rxc3 25. Bxe7 Qxe7 26. Nf5 Qe6 27. Qg4 b4
28. h5 Rfc8 29. hxg6 Qxg6 30. Ne7+ 1-0

[Event "Euro Online U2300 Day 1"]
[Site "chess.com INT"]
[Date "2020.05.25"]
[Round "5"]
[White "Rusu, Vlad"]
[Black "Caputcuoglu, Zeki Berke"]
[Result "1/2-1/2"]
[BlackTitle "CM"]
[WhiteElo "1833"]
[BlackElo "2138"]
[WhiteFideId "55623344"]
[BlackFideId "34548610"]
[EventDate "2020.05.25"]

1. e4 c5 2. Nf3 d6 3. d4 cxd4 4. Nxd4 Nf6 5. Nc3 g6 6. Be3 Bg7 7. f3 O-O 8. Qd2
Nc6 9. Nxc6 bxc6 10. O-O-O Qa5 11. h4 Rb8 12. Bc4 d5 13. Bb3 dxe4 14. Nxe4 Qxd2+
15. Nxd2 a5 16. Nc4 Nd5 17. Bd4 Bh6+ 18. Kb1 a4 19. Bxa4 Ba6 20. Bb3 c5 21. Be5
Bxc4 22. Bxc4 Ne3 23. Bxb8 Rxb8 24. Bb3 c4 25. Ba4 Bg7 26. b3 Nxd1 27. Rxd1 cxb3
28. cxb3 h5 29. a3 Be5 30. Ka2 Bg3 31. Rd4 e5 32. Rc4 Rd8 33. b4 Rd2+ 34. Rc2
Rxc2+ 35. Bxc2 Kf8 36. a4 Ke7 37. Kb3 Kd6 38. Kc4 Bxh4 39. Be4 Be1 40. Bd5 Bxb4
41. Bxf7 Be1 42. Bxg6 h4 43. Kb5 Kc7 44. a5 Bf2 45. Be4 Kb8 46. Kc6 Ka7 47. Bd3
Bg3 48. Kd5 Ka8 49. Bc4 Ka7 50. Ke4 Ka8 1/2-1/2

[Event "Euro Online U2300 Day 1"]
[Site "chess.com INT"]
[Date "2020.05.25"]
[Round "5"]
[White "Thanke, Bror"]
[Black "Pavlidou, Ekaterini"]
[Result "0-1"]
[BlackTitle "WIM"]
[WhiteElo "2164"]
[BlackElo "2170"]
[WhiteFideId "1502360"]
[BlackFideId "4213262"]
[EventDate "2020.05.25"]

1. Nf3 d5 2. b3 c5 3. e3 a6 4. Bb2 Nc6 5. d4 e6 6. Nbd2 cxd4 7. exd4 Nf6 8. a3
Be7 9. Bd3 O-O 10. O-O b5 11. Ne5 Nxe5 12. dxe5 Nd7 13. Qh5 g6 14. Qh3 Nc5 15.
Nf3 f5 16. exf6 Bxf6 17. Be5 Qe7 18. Rfe1 Qg7 19. Re2 Ne4 20. Bxf6 Qxf6 21. Rae1
e5 22. Qh6 Bf5 23. Bxe4 dxe4 24. Ng5 Ra7 25. h3 Rc7 26. g4 Bc8 27. Nxe4 Qc6 28.
Rd1 Rd7 29. Rxd7 Qxd7 30. Qe3 Qd1+ 31. Kh2 Bb7 32. Ng3 Bf3 33. Qd2 Bxe2 34. Qxe2
Qxe2 35. Nxe2 Rxf2+ 0-1

[Event "Euro Online U2300 Day 1"]
[Site "chess.com INT"]
[Date "2020.05.25"]
[Round "5"]
[White "Abozenko, Georg"]
[Black "Bulockin, Martin"]
[Result "1-0"]
[WhiteElo "2058"]
[BlackElo "2255"]
[WhiteFideId "4500210"]
[BlackFideId "371610"]
[EventDate "2020.05.25"]

1. d4 Nf6 2. c4 g6 3. Nc3 d5 4. Nf3 Bg7 5. Bg5 Ne4 6. cxd5 Nxg5 7. Nxg5 e6 8.
Qd2 exd5 9. Qe3+ Kf8 10. h4 h6 11. Nf3 Bf5 12. g3 Nc6 13. Bg2 Nb4 14. O-O Nc2
15. Qf4 Nxa1 16. Rxa1 h5 17. Rd1 c6 18. Ne5 Qe7 19. e4 dxe4 20. Bxe4 Bxe4 21.
Nxe4 Bxe5 22. dxe5 Rd8 23. Rd6 Kg7 24. Rf6 Rhf8 25. Nd6 Rxd6 26. Rxd6 Re8 27.
Rf6 c5 28. g4 hxg4 29. h5 Rh8 30. hxg6 fxg6 31. Qxg4 Rh6 32. Rd6 Qe8 33. Rd7+
Kg8 34. Rc7 1-0

[Event "Euro Online U2300 Day 1"]
[Site "chess.com INT"]
[Date "2020.05.25"]
[Round "5"]
[White "Vuckovic, Marko"]
[Black "Huda, Maryana"]
[Result "0-1"]
[BlackTitle "WGM"]
[WhiteElo "2059"]
[BlackElo "2128"]
[WhiteFideId "16501870"]
[BlackFideId "14116553"]
[EventDate "2020.05.25"]

1. e4 e5 2. Nf3 Nc6 3. d4 exd4 4. Nxd4 Bc5 5. Nb3 Bb6 6. Nc3 d6 7. Qe2 Nge7 8.
Bg5 f6 9. Be3 O-O 10. O-O-O Kh8 11. f3 f5 12. Kb1 fxe4 13. Nxe4 Nf5 14. Bxb6
axb6 15. Qd2 Be6 16. Bb5 Na5 17. Ng5 Bg8 18. Rhe1 Qf6 19. Bd3 d5 20. Bxf5 Qxf5
21. Nd4 Qd7 22. Nde6 Rf6 23. Nf4 Nc4 24. Qd4 Qa4 25. a3 Rxf4 26. Qd3 Qb5 27. Qc3
Rxa3 28. b3 d4 29. Rxd4 Rxd4 30. Qxd4 Qxg5 31. bxc4 Qc5 0-1

[Event "Euro Online U2300 Day 1"]
[Site "chess.com INT"]
[Date "2020.05.25"]
[Round "5"]
[White "Kamer, Kayra"]
[Black "Pham, Khoi"]
[Result "0-1"]
[WhiteTitle "FM"]
[WhiteElo "2325"]
[BlackElo "2048"]
[WhiteFideId "6367879"]
[BlackFideId "1054988"]
[EventDate "2020.05.25"]

1. e4 c5 2. Nf3 d6 3. d4 cxd4 4. Nxd4 Nf6 5. Nc3 a6 6. a3 e5 7. Nf5 d5 8. Bg5 d4
9. Bxf6 gxf6 10. Nb1 Bxf5 11. exf5 Nd7 12. Bc4 Qc7 13. Nd2 Rg8 14. Qh5 Nb6 15.
Bb3 Rxg2 16. Ne4 O-O-O 17. Nxf6 Qc6 18. Qxf7 Kb8 19. O-O-O Bh6+ 20. Kb1 Rf8 21.
Qe6 Rxf6 22. Qxe5+ Ka7 23. Rhf1 Bg7 24. a4 Rd6 25. Qf4 Nd5 26. Qh4 Bf6 27. Qxh7
Nc3+ 28. bxc3 d3 29. c4 dxc2+ 30. Kxc2 Qe4+ 31. Kc1 Qf4+ 32. Kc2 Rxf2+ 33. Rxf2
Qxf2+ 34. Kb1 Qb2# 0-1

[Event "Euro Online U2300 Day 1"]
[Site "chess.com INT"]
[Date "2020.05.25"]
[Round "5"]
[White "Pauly, Carlo"]
[Black "Zvereva, Margarita"]
[Result "1-0"]
[WhiteTitle "FM"]
[BlackTitle "WFM"]
[WhiteElo "2277"]
[BlackElo "1929"]
[WhiteFideId "24673269"]
[BlackFideId "34177741"]
[EventDate "2020.05.25"]

1. d4 d5 2. c4 e6 3. Nc3 Nf6 4. Nf3 Nbd7 5. Bf4 a6 6. c5 Be7 7. e3 O-O 8. Bd3 c6
9. h3 a5 10. a3 Ne8 11. O-O f6 12. Qc2 h6 13. b4 b6 14. b5 bxc5 15. bxc6 Nb6 16.
dxc5 Bxc5 17. Nb5 Bd6 18. Bxd6 Nxd6 19. a4 Nxb5 20. axb5 Qc7 21. e4 dxe4 22.
Bxe4 f5 23. Bd3 Nd5 24. Bc4 Nb6 25. Rfe1 Nxc4 26. Qxc4 Kh7 27. Qc5 Rd8 28. b6
Qf4 29. b7 Bxb7 30. cxb7 Rab8 31. Qxa5 Rd7 32. Qe5 Qxe5 33. Rxe5 Rdxb7 34. Rxe6
Kg8 35. Nd4 Kf7 36. Re3 g6 37. Ra6 Rd7 38. Nc6 Rb1+ 39. Kh2 Rdd1 40. Ne5+ Kg7
41. Rxg6+ Kh7 42. Rf6 Rh1+ 43. Kg3 Rb4 44. Rxf5 Kg7 45. Rf7+ Kg8 46. Rd3 Rb8 47.
Rdd7 Re1 48. Rg7+ Kf8 49. Rdf7+ Ke8 50. Rg8# 1-0

[Event "Euro Online U2300 Day 1"]
[Site "chess.com INT"]
[Date "2020.05.25"]
[Round "5"]
[White "Fojt, Petr"]
[Black "Farkas, Lajos Dr."]
[Result "0-1"]
[WhiteElo "2084"]
[BlackElo "2191"]
[WhiteFideId "386570"]
[BlackFideId "711390"]
[EventDate "2020.05.25"]

1. e4 c6 2. d4 d5 3. Nc3 dxe4 4. Nxe4 Bf5 5. Ng3 Bg6 6. h4 h6 7. N1e2 e6 8. Nf4
Ne7 9. Bc4 Nd5 10. Nxg6 fxg6 11. Qg4 Qf6 12. Ne4 Qf5 13. Qe2 Nd7 14. Bd3 Qf7 15.
c4 Nf4 16. Bxf4 Qxf4 17. h5 Bb4+ 18. Nc3 O-O-O 19. a3 Ba5 20. Qe3 Qg4 21. Qe4
Nf6 22. Qxg4 Nxg4 23. Bxg6 Rxd4 24. O-O Bxc3 25. bxc3 Rxc4 26. Rfe1 Rxc3 27.
Rxe6 Rf8 28. f3 Ne3 29. Re1 Nd5 30. Re8+ Rxe8 31. Rxe8+ Kc7 32. Rg8 Rxa3 33.
Rxg7+ Kb6 34. Be4 Nf6 35. Rg6 Nxh5 36. Rxh6 Nf4 37. g4 Ra2 38. Rf6 Nh3+ 39. Kf1
a5 40. Rh6 Ng5 41. Rg6 Nh3 42. Rh6 Ng5 43. Rh5 Nxe4 44. fxe4 Rd2 45. e5 a4 46.
Rh3 Rd5 47. Re3 a3 48. e6 a2 49. Re1 Re5 50. Ra1 Rxe6 51. Rxa2 Kc5 52. Kf2 b5
53. Rc2+ Kd4 54. Kf3 Rf6+ 55. Kg3 c5 56. g5 Rg6 57. Kf4 b4 58. Kf5 Rg8 59. g6 b3
60. Rb2 c4 61. Kf6 Kc3 62. Rh2 b2 63. Rh1 Kc2 64. Rh2+ Kb3 65. Rh1 c3 66. Kf7
Rxg6 67. Kxg6 c2 68. Rh3+ Ka2 69. Rh2 c1=Q 0-1

[Event "Euro Online U2300 Day 1"]
[Site "chess.com INT"]
[Date "2020.05.25"]
[Round "5"]
[White "Stoleriu, George"]
[Black "Gardet, Thomas"]
[Result "1-0"]
[WhiteTitle "FM"]
[WhiteElo "2349"]
[BlackElo "2023"]
[WhiteFideId "1227505"]
[BlackFideId "26088045"]
[EventDate "2020.05.25"]

1. e4 c5 2. Nf3 d6 3. Bb5+ Nd7 4. d4 cxd4 5. Qxd4 Nf6 6. O-O e6 7. c4 Be7 8. Nc3
O-O 9. Bxd7 Bxd7 10. h3 Bc6 11. Be3 a6 12. Rfd1 b5 13. Rac1 Qc7 14. cxb5 axb5
15. Nxb5 Qb7 16. Nxd6 Bxd6 17. Qxd6 Bxe4 18. Rc7 Qxb2 19. Bd4 Qa3 20. Qf4 Nd5
21. Qxe4 Nxc7 22. Qe5 Ne8 23. Bc5 Qxa2 24. Bxf8 Kxf8 25. Ng5 Nf6 26. Qd6+ Kg8
27. Qe7 Qa5 28. Qxf7+ Kh8 29. Nxe6 Rg8 30. Rd8 Rxd8 31. Qxg7# 1-0

[Event "Euro Online U2300 Day 1"]
[Site "chess.com INT"]
[Date "2020.05.25"]
[Round "5"]
[White "Nilssen, Ellen Fredericia"]
[Black "Pogorelov, Igor"]
[Result "1-0"]
[WhiteTitle "WFM"]
[WhiteElo "2071"]
[BlackElo "2129"]
[WhiteFideId "1441230"]
[BlackFideId "14113279"]
[EventDate "2020.05.25"]

1. d4 d5 2. c4 Nc6 3. Nc3 Nf6 4. Nf3 dxc4 5. e3 Bg4 6. Bxc4 e6 7. O-O Bb4 8. a3
Bxc3 9. bxc3 O-O 10. Be2 Ne4 11. Qc2 Bf5 12. Bd3 Nd6 13. e4 Bg4 14. Nd2 e5 15.
d5 Na5 16. a4 b6 17. Ba3 Qg5 18. Kh1 Rfd8 19. Bb4 Nab7 20. a5 Nc5 21. Bxc5 bxc5
22. Rab1 c6 23. c4 cxd5 24. cxd5 Rac8 25. Ba6 Rc7 26. Qd3 f5 27. f3 fxe4 28.
fxe4 Bc8 29. Bxc8 Rcxc8 30. Nf3 Qf4 31. Rbe1 c4 32. Qc2 Re8 33. Nd4 Qh4 34. Nc6
Rf8 35. g3 Qg5 36. Qg2 Rxf1+ 37. Rxf1 Rf8 38. h4 Qe3 39. Ne7+ 1-0

[Event "Euro Online U2300 Day 1"]
[Site "chess.com INT"]
[Date "2020.05.25"]
[Round "5"]
[White "Lahdelma, Henri"]
[Black "Hulka, Valentyn"]
[Result "1-0"]
[WhiteElo "2264"]
[BlackElo "1892"]
[WhiteFideId "510394"]
[BlackFideId "34107061"]
[EventDate "2020.05.25"]

1. d4 Nf6 2. c4 g6 3. Nc3 d5 4. cxd5 Nxd5 5. e4 Nxc3 6. bxc3 Bg7 7. Bb5+ Bd7 8.
Bxd7+ Nxd7 9. Nf3 O-O 10. O-O e6 11. Rb1 Qc8 12. Ba3 Rd8 13. Qb3 b6 14. c4 c5
15. d5 Ne5 16. Nxe5 Bxe5 17. Bb2 Qc7 18. Bxe5 Qxe5 19. Rbe1 Re8 20. Re3 f5 21.
exf5 Qxf5 22. Rfe1 e5 23. Qb2 e4 24. f3 Qe5 25. Qxe5 Rxe5 26. Rxe4 Rf5 27. Re7
Rf7 28. Kf2 Kf8 29. Rxf7+ Kxf7 30. Re6 Rb8 31. Rc6 Rb7 32. Ke3 a6 33. Ke4 Re7+
34. Kf4 Rb7 35. Ke5 Ke7 36. Re6+ Kf7 37. Rf6+ Ke7 38. d6+ Ke8 39. Kd5 b5 40. Kc6
Rd7 41. Rf8+ Kxf8 42. Kxd7 bxc4 43. Kc8 c3 44. d7 c2 45. d8=Q+ 1-0

[Event "Euro Online U2300 Day 1"]
[Site "chess.com INT"]
[Date "2020.05.25"]
[Round "5"]
[White "Salopaa, Tero"]
[Black "Golovanj, Yaroslav"]
[Result "1/2-1/2"]
[WhiteElo "2024"]
[BlackElo "2013"]
[WhiteFideId "508284"]
[BlackFideId "14113791"]
[EventDate "2020.05.25"]

1. c4 e5 2. e3 Nf6 3. Nf3 Nc6 4. a3 a5 5. b3 e4 6. Nd4 Nxd4 7. exd4 d5 8. d3 Be7
9. Bg5 O-O 10. Nc3 dxc4 11. dxc4 Bg4 12. Be2 Bxe2 13. Nxe2 h6 14. Bh4 e3 15.
fxe3 Ng4 16. Bf2 Nxf2 17. Kxf2 Bg5 18. Nf4 Bxf4 19. exf4 Qf6 20. g3 g5 21. Qd2
Rad8 22. Rad1 Rfe8 23. Rhe1 Rxe1 24. Kxe1 Qe7+ 25. Kf2 g4 26. a4 Qe4 27. Qe3
Qc2+ 28. Rd2 Qc1 29. Qe1 Qc3 30. Qd1 h5 31. d5 Re8 32. Rd3 Qb2+ 33. Qd2 Qa1 34.
Qd1 Qb2+ 35. Rd2 Qc3 36. Kg2 Re3 37. d6 cxd6 38. Rxd6 Qb2+ 39. Rd2 Qc3 40. Rd8+
Kg7 41. Qd4+ Qxd4 42. Rxd4 Rxb3 43. Rd5 Rb2+ 44. Kg1 Rb1+ 45. Kf2 Rb2+ 46. Ke3
Rxh2 47. Rxa5 Rh3 48. Kf2 Rh2+ 49. Kg1 Rc2 50. c5 Rc1+ 51. Kf2 Rc2+ 52. Ke3 Rc3+
53. Ke4 Rxg3 54. Rb5 Ra3 55. Rxb7 Rxa4+ 56. Kf5 g3 57. Rb3 h4 58. Kg4 g2 59. Rb1
Rc4 60. Kxh4 Rxc5 61. Kg3 Rc2 62. Rg1 Kf6 63. Rxg2 Rxg2+ 64. Kxg2 Kg6 65. Kg3 f5
66. Kh4 Kh6 67. Kh3 Kh5 68. Kg3 Kg6 69. Kh4 Kh6 70. Kg3 Kg6 1/2-1/2

[Event "Euro Online U2300 Day 1"]
[Site "chess.com INT"]
[Date "2020.05.25"]
[Round "5"]
[White "Lagumina, Giulio"]
[Black "Gorodetzky, Matan"]
[Result "0-1"]
[WhiteTitle "FM"]
[BlackTitle "FM"]
[WhiteElo "2199"]
[BlackElo "2284"]
[WhiteFideId "800619"]
[BlackFideId "2813394"]
[EventDate "2020.05.25"]

1. e4 e6 2. b3 d5 3. Bb2 dxe4 4. Nc3 Nf6 5. Qe2 Be7 6. Nxe4 Nbd7 7. Nf3 a5 8. a4
O-O 9. g3 b6 10. Bg2 Bb7 11. Nxf6+ Bxf6 12. d4 c5 13. Rd1 Qe7 14. O-O Rfd8 15.
c4 cxd4 16. Nxd4 Nc5 17. Qc2 Bxg2 18. Kxg2 Qb7+ 19. f3 Rd7 20. Nb5 Rad8 21. Bxf6
gxf6 22. Rxd7 Qxd7 23. Rf2 Qd3 24. Qb2 e5 25. Nc3 Kg7 26. f4 e4 27. Nd5 Rxd5 28.
cxd5 Qxd5 29. Kh3 Nd3 30. Qd2 Nxf2+ 31. Qxf2 Qxb3 32. f5 Qxa4 33. Qxb6 Qb4 34.
Qe3 a4 35. Kh4 Qb2 36. h3 Qe5 37. g4 a3 38. Qxa3 e3 39. Qc1 e2 40. Qe1 Qe3 0-1

[Event "Euro Online U2300 Day 1"]
[Site "chess.com INT"]
[Date "2020.05.25"]
[Round "5"]
[White "Kilic, Eray"]
[Black "Can, Melih Kaan"]
[Result "0-1"]
[WhiteElo "2094"]
[BlackElo "2105"]
[WhiteFideId "44517173"]
[BlackFideId "6317383"]
[EventDate "2020.05.25"]

1. e4 c5 2. c3 d5 3. exd5 Qxd5 4. d4 Nf6 5. Nf3 Bg4 6. Be2 e6 7. O-O Nc6 8. Be3
cxd4 9. cxd4 Be7 10. Nc3 Qd6 11. h3 Bh5 12. a3 O-O 13. Rc1 Rfd8 14. Qb3 a6 15.
Rfd1 b5 16. Ng5 Bxe2 17. Nxe2 Na5 18. Qa2 Nd5 19. Ne4 Qb6 20. b3 Rac8 21. N2c3
Qb7 22. Nxd5 Qxd5 23. Nd2 Bf6 24. Qb2 h6 25. Rc3 Rxc3 26. Qxc3 Nc6 27. Nf3 e5
28. Rc1 Nxd4 29. Bxd4 exd4 30. Qd3 Qd6 31. b4 Qe6 32. Rc5 Rc8 33. Qc2 Rxc5 34.
bxc5 Qc6 35. Nd2 d3 36. Qxd3 Qxc5 37. Ne4 Qc1+ 38. Kh2 Be5+ 39. g3 Qc4 40. Qd8+
Kh7 41. Qh4 f5 42. Ng5+ Kg6 43. Nf3 Qxh4 44. Nxe5+ Kf6 45. Nd7+ Ke7 46. gxh4
Kxd7 47. Kg3 a5 48. Kf4 b4 0-1

[Event "Euro Online U2300 Day 1"]
[Site "chess.com INT"]
[Date "2020.05.25"]
[Round "5"]
[White "Materia, Marco"]
[Black "Budisavljevic, Luka"]
[Result "1/2-1/2"]
[WhiteTitle "FM"]
[BlackTitle "FM"]
[WhiteElo "2269"]
[BlackElo "2444"]
[WhiteFideId "45150451"]
[BlackFideId "960047"]
[EventDate "2020.05.25"]

1. d4 Nf6 2. c4 a6 3. Nc3 c5 4. d5 b5 5. cxb5 axb5 6. Nxb5 Qa5+ 7. Nc3 Bb7 8.
Bd2 Qb6 9. e4 e6 10. Bc4 Nxe4 11. Nxe4 exd5 12. Bxd5 Bxd5 13. Qe2 Qe6 14. f3 Nc6
15. Bc3 Bc4 16. Qe3 d5 17. Nh3 d4 18. Qd2 f5 19. Ng5 Qe7 20. Kf2 h6 21. Rhe1
O-O-O 22. Ba5 fxe4 23. Nxe4 Rd7 24. Rac1 Ne5 25. b3 Nd3+ 26. Kg1 Nxc1 27. Rxc1
Bd5 28. Nxc5 Qe3+ 29. Qxe3 dxe3 30. Nxd7+ Kxd7 31. Bb6 Bd6 32. Bxe3 Ra8 33. Rc2
Be5 34. Kf2 Ke6 35. Re2 Kf6 36. f4 Bd6 37. Rd2 Ra5 38. Bd4+ Ke6 39. Bc3 Rb5 40.
Bxg7 Bxf4 41. Re2+ Kf7 42. Bd4 Ra5 43. Be3 Bxh2 44. Bxh6 Bd6 45. Be3 Be6 46. Rd2
Bb4 47. Rc2 Rf5+ 48. Kg1 Rd5 49. Rf2+ Ke7 50. Rf1 Bd6 51. Re1 Rd3 52. Kf2 Kd7
53. Rc1 Bg4 54. Rc4 Be6 55. Rd4 Rxd4 56. Bxd4 Kc6 57. Ke3 Kb5 58. Bc3 Bc5+ 59.
Ke4 Bd6 60. a4+ Kc6 61. b4 Bd5+ 62. Kd4 Bxg2 63. b5+ Kb6 64. Kc4 Bf1+ 65. Kd5
Bxb5 66. axb5 Kxb5 1/2-1/2